000 01009nas a2200253Ia 4500
001 R144/C1067
003 IT-RoPAU
008 151124c99999999xx |||||||||||| ||und||
040 _aIT-RoPAU
040 _cIT-RoPAU
041 _aFRANCESE
100 _aGuillaume Marc
_gCodice Aut. SPICS: 5686
210 _aQUADERNI-LA REVUE DE LA COMMUNICATION
222 _aQuaderni-La Revue De La Communication
245 _aQUADERNI, N.021 (1993) - ART ET TECHNIQUE CONTEMPORAINS
_bArt Et Nouvelles Techniques
250 _a1a ed.
260 _aCOLOMBES (FRANCIA)
_bAZ PRESSE
_c1993
501 _bPaulus - SPICS - Società San Paolo EM (non-commercial uses only)
_cCopyright2015
300 _a6 p. [89-94]
362 _aN.021 (1993) - ART ET TECHNIQUE CONTEMPORAINS
500 _aArte e Nuove Tecniche. Dalla Tecnica, Valorizzazione dell'Arte Moderna Alla Tecnocultura, Fonte dell'Arte Contemporanea. Poetica di un Nuovo Mondo Tecnologico.
650 _aCOMUNICAZIONE
_vPUBBLICAZIONE PERIODICA
942 _cCR
999 _c189159
_d189159